000 00661nam a22002057a 4500
003 OSt
005 20251023063933.0
008 250930b |||||||| |||| 00| 0 eng d
020 _a13:978-981-06-9883-6.
040 _aDWCL-Main lib
_cOC
082 _aFil. 658.15 G536p 2009
100 _aLawrence J. Gitman
245 _aPrinciples of managerial finance
260 _aSingapore :
_bPearson Education South Asia Pte. Ltd.,
_cc2009.
300 _axliv, (various paging) :
_billustration ;
_c24 cm.
504 _aIncludes index.
650 _21. Business enterprises-Finance.
650 _22. Corporations-Finance.
942 _2ddc
_cBK - FIL
_e12th ed.
_kFil.
_n0
999 _c4569
_d4569